Quizzes
Events
Quiz Creation
Community
Videos
Private Events
Remove Ads
Sign In
Join for FREE
Feedback
Dark Mode
Quiz Categories
Sports
Geography
Music
Movies
Television
Just For Fun
Miscellaneous
History
Literature
Language
Science
Gaming
Entertainment
Religion
Holiday
For Kids
Quiz Lab
Recent
Popular Today
Quiz Kudos Today
Editor Picks
Curator Picks
Quizzes by...
Day
Popularity
Type
Ratings
Length
Year
Community
Subscriptions
Recent Discussions
Orange Saloon
Badges
Playlists
Quests
Create
Leaderboards
Showdown
Live 5
Trivia Bingo
Activity
Puzzle Library
Sporcle Events
Private Events
Virtual Trivia
Globe League
Become a Host
Pub Owners
SporcleCon
Opinionation
Our Games
Videos
Blog
Mobile Apps
Partnerships
Remove Ads and Go Orange
Feedback
Geography
Country
Landmarks
City
State
Population
World
Capital
Continent
Flags
Europe
Africa
Asia
South America
North America
Oceania
Border
Canada
United Kingdom
Topography
United States
Geography
Country
Landmarks
City
State
Population
World
Capital
Continent
Flags
Europe
Africa
Asia
South America
North America
Oceania
Border
Canada
United Kingdom
Topography
United States
Random Quiz
Search Sporcle
×
Quiz Lab
Quiz Lab
Geography
City
Type in answers that appear in a list
Type in answers that appear in a list
Classic
Best Score? Go Orange.
Far East Asia Stats
Can you name the countries, cities, and physical features of the Far East?
By
vileplume9
10m
51 Questions
185 Plays
185 Plays
185 Plays
Comments
Comments
Give Quiz Kudos
Give Quiz Kudos
-
- Ratings
hide this ad
Random Order
Randomize order of answers
Randomize order of answers
Replay
Link that replays current quiz
Next Quiz
Link to next quiz in quiz playlist
You Got
0%
They Got
Avg Score
53%
Avg Friend Score
Upgrade to see
Score Distribution
Jump to the score distribution portion of the page
Score
0/51
Timer
10:00
0
Plays Today
Hint
Country, City, or Physical Feature
% Correct
This country has the largest population in the world and it is south of Mongolia
China
84.2%
This country borders Malaysia, Laos, Cambodia, Burma, and it's capital is Bangkok
Thailand
78.8%
This country is borded by China and India and is west of Bhutan
Nepal
78.8%
This nation is made up of (4 main) islands and is of the east coast of China
Japan
78.3%
This country is an island nation off the coast of China and it's capitol is Taipei
Taiwan
77.7%
This country has the second largest population in the world after China and Sri Lanka is off the southern coast
India
77.2%
This country is at the tip of mainland-
Asia, also only bordering Malaysia
Singapore
77.2%
This city is the Captiol of SIngapore (they also have the same name)
Singapore
77.2%
This city is the captiol of Japan
Tokyo
75.5%
This country is made up of thousands of islands and borders Paupa New Guinea adn Malaysia
Indonesia
75%
This city is the captiol of South Korea
Seoul
75%
This city is the capitol of China
Beijing
75%
This country is in between China and Russia
Mongolia
74.5%
This country is completley landlocked and is bordered by China, Vietnam, Thailand, Cambodia, and Burma
Laos
73.9%
This country is south of North Korea and it's capitol is Seoul
South Korea
73.9%
This country is north of South Korea and south of China
North Korea
71.7%
This country borders China and India and is east of Nepal
Bhutan
70.1%
This country borders China, India, Bangladesh, Thailand, Laos, and it's capitol is Rangoon
Burma
69.6%
This country is the northern most country and is also the largest in Asia
Russia
67.9%
This city is the capitol of Thailand
Bangkok
66.3%
This country borders the South China Sea, Laos, China, and Cambodia
Vietnam
65.8%
This city is the capitol of the Philippines
Manila
64.7%
This country borders Thailand, Laos, and Vietnam
Cambodia
60.9%
This city is the capitol of Vietnam
Hanoi
60.9%
This city is the capitol of Taiwan
Taipei
58.2%
This sea is south of the East China Sea and off the border of China
South China Sea
56%
Hint
Country, City, or Physical Feature
% Correct
This city is the capitol of India
New Delhi
55.4%
This country is almost completly surrounded by India and it borders the Bay of Bengal
Bangladesh
52.2%
This country is an island nation off the coast of India
Sri Lanka
51.6%
This city is on the eastern border of China on the Yangtze River
Shanghai
50.5%
This country is made up of a group of islands north of Indonesia and south of Taiwan
Philippines
50%
This city is on the western border of India
Bombay
44.6%
This city is in the southwestern area of China close the the border
Hong Kong
44.6%
This country shares and islnad with Malaysia
Brunei
44%
This city is the capitol of Malaysia
Kuala Lumpur
44%
This city is the Capitol of North Korea
Pyongyang
44%
The Yangtze River flows into this sea
East China Sea
42.9%
The Yellow River flows into this sea
Yellow Sea
40.8%
This bay is south of Bangladesh, Burma, and India
Bay of Bengal
39.1%
This desert is in the northeastern part of China
Gobi Desert
35.9%
This country borders Indonesia and is the farthest east
Papua New Guinea
33.7%
THis city is the capitol of Burma
Rangoon
30.4%
This river flows into the East China Sea
Yangtze River
30.4%
This city is close to the border of India and Bangladesh and it is in India
Calcutta
26.6%
This strait is in between China and Taiwan
Taiwan Strait
21.2%
These mountains are south of the Kunlun Shan Mountains and they also have the tallest mountain in the world
Himalaya Mountains
17.9%
This sea is east of the Philippines
Philippine Sea
16.8%
These mountains are north of the Himalayas
Kunlun Shan Mountains
13.6%
This plain is inbetween the Yellow and the Yangtze Rivers, it's name is also a trick
North China Plain
9.2%
This desert is in the northwestern part of China
Taklimakan Desert
8.2%
This plain is in the northernmost part of China
Manchurian Plain
7.6%
Quiz Playlist
Details
Report
Send in Message
Add To Playlist
Classic:
Type in answers that appear in a list
Random Order:
Randomize order of answers
Last Updated: Feb 16, 2017
Quiz Scoreboard
CHALLENGE
Sign Up to Join the Scoreboard
Show All
Scores
Hide
Comments
May contain spoilers
Recently Published
An Introduction to Baseball
by treessimontrees
Sports
5m
Movies - When Are They Set?
by FPL_Elf
Movies
5m
Popular People in 1961
by mucciniale
History
6m
More to Explore
Quiz From the Vault
Featured Blog Post
Where Did the Easter Bunny Come From?
hide this ad
You Might Also Like...
Tags
Asia Quiz
City Quiz
Country Quiz
east
far
feature
Physical
Today's Top Quizzes in Geography
Browse Geography
hide this ad
Today's Top Quizzes in City
Browse City
Top Contributed Quizzes in Geography
1
Countries of the World - No Outlines Minefield
2
Top 25 Cities of France on a map
3
Closest Countries to UK A-Z
4
Any capital of a 'B' country per Continent
5
One Thing in Common: United Kingdom
6
Find the Provinces of Canada - No Outlines Minefield
7
Any capital of a 'C' country per Continent
8
Blind Secret Country CLXXXVIII
9
Find the US States - No Outlines
10
Any capital of a 'D' country per Continent
Explore More
Trending Topics
Kpop
NBA
Crossword
Marvel
Anime
Disney
Harry Potter
The Office
Country
WWE
NFL
Soccer
Pokémon
Puzzle
Song
hide this ad
More By:
vileplume9
Quiz
Plays
Rating
Category
Featured
Created
Far East Asia
185
2.00
Geography
Mar 20, 2012
Go to Creator's Profile
Score Distribution
Quiz Creator Spotlight
vileplume9
Follow
Send a Message
Quizzes Created
-
Created Quiz Play Count
-
More By This Creator
Popular Quizzes Today
1
Find the Countries of Europe - No Outlines Minefield
2
Find the US States - No Outlines Minefield
3
The Countries of the World
4
Popular People in 1961
5
US States
6
Find the US States
7
1-10 Letter E Words III
8
Risky Map Clicking: Biggest States A-Z
More Geography Quizzes
US States With 10 Or More Representatives
Published
Trending Quizzes
Risky Map Clicking: Least Populous States A-Z
1-10 Letter F Words
1-10 Letter G Words
One Thing in Common: United Kingdom
Not Quite an Element Typing Challenge
Recently Updated
Leaping Animals
pecheneg
Reality TV Shows (A-Z)
bhenderson79
Rickey Henderson's Hall of Fame Teammates
pecheneg
Champions League XIs: Arsenal
pecheneg
Quick Pick: Celebrities in WWE's Hall of Fame
aduchscher
A-Z Keypad Blitz II
pecheneg
Multiple Oscar Actors
pecheneg
Mystery Phrase Blitz: Oscar 'Best Actors'
pecheneg
F. Scott Fitzgerald Novels
LTH
Pick 3 Villains
ddd62291
Trending Topics
Anime
NBA
Kpop
Marvel
Harry Potter
Crossword
Disney
WWE
Soccer
Song
Puzzle
NFL
Country
The Office
Pokémon
Your Account Isn't Verified!
In order to create a playlist on Sporcle, you need to verify the email address you used during registration. Go to your
Sporcle Settings
to finish the process.
Report this User
Report this user for behavior that violates our
Community Guidelines
.
Details:
Send Report
Go to the Sporcle.com Mobile Site →
Comments